000
00336nam a2200145Ia 4500
008
230718s9999 xx 000 0 und d
041
_a
Eng.
082
_a
297.5
_b
PH.-I
100
_a
Ph. D. Ediered
245
0
_a
Introoluction to mathematix
260
_a
Pakistan
_b
McGraw-Hill
_c
1995
300
_a
485
650
_a
Law
999
_c
26848
_d
26848